Datum a čas kvízu
22.5
Celkem bodů
Celkový počet nahraných bodů na tomto kvízu bez doplňovacích otázek.
7.
Pořadí na kvízu
Konečné umístění týmu na tomto kvízu.
Zaznamenané odpovědi
| # | Otázka | Odpověď | Body | Výsledky |
|---|---|---|---|---|
| 1. | Poslanecká sněmovna ve středu... | 1 | ||
| 2. | Kanadská vláda se minulou stře... | 1 | ||
| 3. | Minulé pondělí proběhlo vyhláš... | 0 | ||
| 4. | Česká národní banka začala min... | 0 | ||
| 5. | Jak se jmenuje letošní mistryn... | 1 | ||
| 6. | V tomto tématu Vás čeká pět vý... | 0 | ||
| 7. | Z níže vypsaných měst leží nej... | 1 | ||
| 8. | Z níže vypsaných děl vyberte j... | 0 | ||
| 9. | Které z těchto zvířat neřadíme... | 1 | ||
| 10. | Které z těchto příjmení je v Č... | 0 |